000 01096cam a2200337Mc 4500
001 ocn944175719
003 Co-BoUCM
005 20181130083955.0
008 181130s2016 nyu 000 0 eng d
010 _a 2015027374
020 _a9780553447453
020 _z0553447459
020 _a9780553447439
_z9780553447446
020 _z0553447432
029 0 _aGBVCP
_b832697389
029 1 _aDEBBG
_bBV043466538
035 _a(OCoLC)944175719
040 _aCo-BoUCM
_bspa
_cSaul Niño
_dSaul Niño
041 _aeng
100 1 _aDesmond, Matthew
_994717
245 1 0 _aEvicted
_bpoverty and profit in the American city
_cMatthew Desmond
260 _aNew York
_bBradway books
_c2016
300 _ax, 418 páginas
650 7 _aViviendas de bajo costo
_zEstados Unidos
_926349
650 7 _aEvicción
_zEstados Unidos
_915352
650 7 _aPobreza
_zEstados Unidos
_947554
650 7 _aGanancias
_zEstados Unidos
_916251
650 7 _aCiudades y pueblos
_zEstados Unidos
_953109
942 _2DEWEY
_a7
_cLIBRORESER
_e1
_h339.460973
_mD464e
999 _c310924
_d310924